[Event "Mumbai Wealth op"]
[Site "Mumbai"]
[Date "2016.02.04"]
[Round "8"]
[White "Tanishka, Kotia"]
[Black "Ankit, Bhattacharya"]
[Result "1-0"]
[WhiteElo "1650"]
[BlackElo "1461"]
[PlyCount "129"]
[EventDate "2016.01.28"]
[EventType "swiss"]
[EventRounds "9"]
[EventCountry "IND"]
[SourceTitle "CBM 170 Extra"]
[Source "ChessBase"]
[SourceDate "2016.02.25"]
[SourceVersion "1"]
[SourceVersionDate "2016.02.25"]
[SourceQuality "1"]

1. e4 c5 2. c3 d5 3. exd5 Qxd5 4. d4 g6 5. Nf3 Bg7 6. Be2 Nc6 7. Be3 Nf6 8. 0-0 0-0 9. dxc5 Qxd1 10. Rxd1 Ng4 11. Bg5 h6 12. Bd2 Bf5 13. h3 Nf6 14. Na3 Rad8 15. Nc4 g5 16. Ne3 Bg6 17. Ng4 Nxg4 18. hxg4 Ne5 19. Nxe5 Bxe5 20. Be3 Bg7 21. Bf3 b6 22. cxb6 axb6 23. Rxd8 Rxd8 24. Rd1 Rb8 25. Rd7 e5 26. Bd5 b5 27. Rd6 Kh7 28. Rb6 Rxb6 29. Bxb6 Bd3 30. Bxf7 Bf6 31. Be8 e4 32. a4 bxa4 33. Bxa4 Kg8 34. Ba5 Kf7 35. b3 Ke6 36. c4 Bd4 37. Bc7 Be2 38. Bc6 e3 39. fxe3 Bxe3+ 40. Kh2 Bc5 41. Bf3 Bd3 42. Bd1 Bf2 43. Ba5 Bc5 44. g3 Bd4 45. Bb4 Bg7 46. Ba3 Kd7 47. c5 Be4 48. b4 Bc6 49. Be2 Bd4 50. b5 Bd5 51. Bf1 Bf3 52. Kh3 Be4 53. Bg2 Bd3 54. b6 Be5 55. c6+ Ke8 56. Bc5 Ba6 57. b7 Bb8 58. Bb6 Bxb7 59. cxb7 Kf7 60. Bf3 Kf6 61. Kg2 Kg6 62. Kf2 Kf7 63. Ke2 Ke6 64. Kd3 Kd6 65. Kd4 1-0